00317nam a2200133Ia 4500003000400000005001700004008004100021020001800062040002000080100002100100245004000121260001300161260000900174OSt20231108062600.0170524s9999 xx 000 0 und d a9789380501284 cIIMT UNIVERSITY aO Neil - Patrick 0aDatabase Principles and Performance bElsevier c2010